<?xml version="1.0" encoding="UTF-8"?>
<collection xmlns="http://www.loc.gov/MARC21/slim">
 <record>
  <leader>03498cam a2200637   4500</leader>
  <controlfield tag="001">161795103X</controlfield>
  <controlfield tag="003">DE-627</controlfield>
  <controlfield tag="005">20240927202512.0</controlfield>
  <controlfield tag="007">tu</controlfield>
  <controlfield tag="008">160108s2015    gw ||||| m    00| ||ger c</controlfield>
  <datafield tag="015" ind1=" " ind2=" ">
   <subfield code="a">15,N14</subfield>
   <subfield code="2">dnb</subfield>
  </datafield>
  <datafield tag="015" ind1=" " ind2=" ">
   <subfield code="a">15,A31</subfield>
   <subfield code="2">dnb</subfield>
  </datafield>
  <datafield tag="016" ind1="7" ind2=" ">
   <subfield code="a">106868710X</subfield>
   <subfield code="2">DE-101</subfield>
  </datafield>
  <datafield tag="020" ind1=" " ind2=" ">
   <subfield code="a">9783943025194</subfield>
   <subfield code="c">kart. : EUR 46.00 (DE), EUR 47.30 (AT), sfr 61.90 (freier Pr.)</subfield>
   <subfield code="9">978-3-943025-19-4</subfield>
  </datafield>
  <datafield tag="024" ind1="3" ind2=" ">
   <subfield code="a">9783943025194</subfield>
  </datafield>
  <datafield tag="035" ind1=" " ind2=" ">
   <subfield code="a">(DE-627)161795103X</subfield>
  </datafield>
  <datafield tag="035" ind1=" " ind2=" ">
   <subfield code="a">(DE-576)453858953</subfield>
  </datafield>
  <datafield tag="035" ind1=" " ind2=" ">
   <subfield code="a">(DE-599)DNB106868710X</subfield>
  </datafield>
  <datafield tag="035" ind1=" " ind2=" ">
   <subfield code="a">(OCoLC)914288960</subfield>
  </datafield>
  <datafield tag="040" ind1=" " ind2=" ">
   <subfield code="a">DE-627</subfield>
   <subfield code="b">ger</subfield>
   <subfield code="c">DE-627</subfield>
   <subfield code="e">rda</subfield>
  </datafield>
  <datafield tag="041" ind1=" " ind2=" ">
   <subfield code="a">ger</subfield>
  </datafield>
  <datafield tag="044" ind1=" " ind2=" ">
   <subfield code="c">XA-DE-SH</subfield>
  </datafield>
  <datafield tag="082" ind1="0" ind2=" ">
   <subfield code="a">200.9</subfield>
  </datafield>
  <datafield tag="082" ind1="0" ind2="4">
   <subfield code="a">230</subfield>
   <subfield code="a">940</subfield>
  </datafield>
  <datafield tag="084" ind1=" " ind2=" ">
   <subfield code="a">NV 5150</subfield>
   <subfield code="2">rvk</subfield>
   <subfield code="0">(DE-625)rvk/131859:</subfield>
  </datafield>
  <datafield tag="084" ind1=" " ind2=" ">
   <subfield code="a">NV 9600</subfield>
   <subfield code="2">rvk</subfield>
   <subfield code="0">(DE-625)rvk/131951:</subfield>
  </datafield>
  <datafield tag="090" ind1=" " ind2=" ">
   <subfield code="a">a</subfield>
  </datafield>
  <datafield tag="100" ind1="1" ind2=" ">
   <subfield code="a">Kurz, Christiane Ulrike</subfield>
   <subfield code="e">VerfasserIn</subfield>
   <subfield code="0">(DE-588)1070804193</subfield>
   <subfield code="0">(DE-627)824596412</subfield>
   <subfield code="0">(DE-576)432723749</subfield>
   <subfield code="4">aut</subfield>
  </datafield>
  <datafield tag="245" ind1="1" ind2="0">
   <subfield code="a">&quot;Ubi et est habitatio sororum et maniso fratrum&quot;</subfield>
   <subfield code="b">Doppelklöster und ähnliche Klostergemeinschaften im mittelalterlichen Österreich : (Diözese Passau in den Ausdehnungen des 13. Jahrhunderts)</subfield>
   <subfield code="c">Christiane Ulrike Kurz</subfield>
  </datafield>
  <datafield tag="264" ind1=" " ind2="1">
   <subfield code="a">Kiel</subfield>
   <subfield code="b">Solivagus-Verlag</subfield>
   <subfield code="c">2015</subfield>
  </datafield>
  <datafield tag="300" ind1=" " ind2=" ">
   <subfield code="a">298 Seiten</subfield>
   <subfield code="b">Illustrationen, Karten</subfield>
   <subfield code="c">22 cm, 440 Gramm</subfield>
  </datafield>
  <datafield tag="336" ind1=" " ind2=" ">
   <subfield code="a">Text</subfield>
   <subfield code="b">txt</subfield>
   <subfield code="2">rdacontent</subfield>
  </datafield>
  <datafield tag="337" ind1=" " ind2=" ">
   <subfield code="a">ohne Hilfsmittel zu benutzen</subfield>
   <subfield code="b">n</subfield>
   <subfield code="2">rdamedia</subfield>
  </datafield>
  <datafield tag="338" ind1=" " ind2=" ">
   <subfield code="a">Band</subfield>
   <subfield code="b">nc</subfield>
   <subfield code="2">rdacarrier</subfield>
  </datafield>
  <datafield tag="502" ind1=" " ind2=" ">
   <subfield code="b">Dissertation</subfield>
   <subfield code="c">Universität Wien</subfield>
   <subfield code="d">2010</subfield>
  </datafield>
  <datafield tag="655" ind1=" " ind2="7">
   <subfield code="a">Hochschulschrift</subfield>
   <subfield code="0">(DE-588)4113937-9</subfield>
   <subfield code="0">(DE-627)105825778</subfield>
   <subfield code="0">(DE-576)209480580</subfield>
   <subfield code="2">gnd-content</subfield>
  </datafield>
  <datafield tag="689" ind1="0" ind2="0">
   <subfield code="d">g</subfield>
   <subfield code="0">(DE-588)4043271-3</subfield>
   <subfield code="0">(DE-627)10420317X</subfield>
   <subfield code="0">(DE-576)209054964</subfield>
   <subfield code="a">Österreich</subfield>
   <subfield code="2">gnd</subfield>
  </datafield>
  <datafield tag="689" ind1="0" ind2="1">
   <subfield code="d">b</subfield>
   <subfield code="0">(DE-588)108570078X</subfield>
   <subfield code="0">(DE-627)849846390</subfield>
   <subfield code="0">(DE-576)457086246</subfield>
   <subfield code="a">Katholische Kirche</subfield>
   <subfield code="b">Diözese Passau</subfield>
   <subfield code="2">gnd</subfield>
  </datafield>
  <datafield tag="689" ind1="0" ind2="2">
   <subfield code="d">s</subfield>
   <subfield code="0">(DE-588)4294608-6</subfield>
   <subfield code="0">(DE-627)10418275X</subfield>
   <subfield code="0">(DE-576)210962550</subfield>
   <subfield code="a">Doppelkloster</subfield>
   <subfield code="2">gnd</subfield>
  </datafield>
  <datafield tag="689" ind1="0" ind2="3">
   <subfield code="a">z</subfield>
   <subfield code="2">gnd</subfield>
   <subfield code="a">Geschichte Anfänge-1300</subfield>
  </datafield>
  <datafield tag="689" ind1="0" ind2=" ">
   <subfield code="5">DE-101</subfield>
  </datafield>
  <datafield tag="751" ind1=" " ind2=" ">
   <subfield code="a">Wien</subfield>
   <subfield code="0">(DE-588)4066009-6</subfield>
   <subfield code="0">(DE-627)106115952</subfield>
   <subfield code="0">(DE-576)209161965</subfield>
   <subfield code="4">uvp</subfield>
  </datafield>
  <datafield tag="787" ind1="0" ind2="8">
   <subfield code="i">Rezensiert in</subfield>
   <subfield code="a">Joyner, Danielle, 1973 - </subfield>
   <subfield code="t">[Rezension von: Christiane Ulrike Kurz, &quot;Ubi et est habitatio sororum et mansio fratrum&quot; . Doppelklöster und ähnliche Klostergemeinschaften im mittelalterlichen Österreich (Diözese Passau in den Ausdehnungen des 13. Jahrhunderts)]</subfield>
   <subfield code="d">2016</subfield>
   <subfield code="w">(DE-627)1789944023</subfield>
  </datafield>
  <datafield tag="856" ind1="4" ind2="2">
   <subfield code="u">http://d-nb.info/106868710X/04</subfield>
   <subfield code="m">B:DE-101</subfield>
   <subfield code="q">application/pdf</subfield>
   <subfield code="3">Inhaltsverzeichnis</subfield>
  </datafield>
  <datafield tag="856" ind1="4" ind2="2">
   <subfield code="u">http://deposit.dnb.de/cgi-bin/dokserv?id=5180960&amp;prov=M&amp;dok_var=1&amp;dok_ext=htm</subfield>
   <subfield code="m">X:MVB</subfield>
   <subfield code="q">text/html</subfield>
   <subfield code="3">Inhaltstext</subfield>
  </datafield>
  <datafield tag="856" ind1="4" ind2="2">
   <subfield code="u">http://www.sehepunkte.de/2016/11/27897.html</subfield>
   <subfield code="m">V:DE-576;X:Sehepunkte</subfield>
   <subfield code="q">text/html</subfield>
   <subfield code="v">20180419093612</subfield>
   <subfield code="3">Rezension</subfield>
  </datafield>
  <datafield tag="935" ind1=" " ind2=" ">
   <subfield code="i">sf</subfield>
  </datafield>
  <datafield tag="936" ind1="r" ind2="v">
   <subfield code="a">NV 5150</subfield>
   <subfield code="b">Mönchtum und Klosterwesen</subfield>
   <subfield code="k">Geschichte</subfield>
   <subfield code="k">Religions- und Kirchengeschichte</subfield>
   <subfield code="k">Geschichte der katholischen Kirche</subfield>
   <subfield code="k">Geschichte des Mönchtums und des Klosterwesens</subfield>
   <subfield code="k">Mönchtum und Klosterwesen</subfield>
   <subfield code="0">(DE-627)127153925X</subfield>
   <subfield code="0">(DE-625)rvk/131859:</subfield>
   <subfield code="0">(DE-576)20153925X</subfield>
  </datafield>
  <datafield tag="936" ind1="r" ind2="v">
   <subfield code="a">NV 9600</subfield>
   <subfield code="b">Österreich und ehemals österreichische Länder</subfield>
   <subfield code="k">Geschichte</subfield>
   <subfield code="k">Religions- und Kirchengeschichte</subfield>
   <subfield code="k">Kirchengeschichte einzelner Länder</subfield>
   <subfield code="k">Österreich und ehemals österreichische Länder</subfield>
   <subfield code="0">(DE-627)1271539721</subfield>
   <subfield code="0">(DE-625)rvk/131951:</subfield>
   <subfield code="0">(DE-576)201539721</subfield>
  </datafield>
  <datafield tag="951" ind1=" " ind2=" ">
   <subfield code="a">BO</subfield>
  </datafield>
  <datafield tag="990" ind1=" " ind2=" ">
   <subfield code="a">Österreich</subfield>
  </datafield>
  <datafield tag="990" ind1=" " ind2=" ">
   <subfield code="a">Katholische Kirche / Diözese Passau</subfield>
  </datafield>
  <datafield tag="990" ind1=" " ind2=" ">
   <subfield code="a">Doppelkloster</subfield>
  </datafield>
  <datafield tag="990" ind1=" " ind2=" ">
   <subfield code="a">Geschichte Anfänge-1300</subfield>
  </datafield>
  <datafield tag="991" ind1=" " ind2=" ">
   <subfield code="a">Rezensiertes Werk</subfield>
  </datafield>
  <datafield tag="999" ind1=" " ind2=" ">
   <subfield code="a">KXP-PPN161795103X</subfield>
   <subfield code="e">4070814485</subfield>
  </datafield>
 </record>
</collection>
